LEADER 01090nam a2200253 i 4500 001 000000131919 003 CaOOAMICUS 005 20180319000000.0 008 180319s1948 it u000 u ita u 013 $a104838 040 $aSeMil$bita 100 1 $aDi Carlo, Eugenio.$0(OLS)http://semarc/name/43365 245 10$aE. Amari /$cEugenio Di Carlo Ordinario di Filosofia del diritto nell'Universitą di Palermo. 260 $aBrescia :$bLa Scuola,$c1948. 300 $a105 p. ;$c16 cm. 490 0 $aGli uomini e la civiltą. Serie 10., Maestri delle dottrine sociali 500 $aContiene : Nota bibliografica. 600 14$aAmari, Emerico <1810-1870>.$0(OLS)http://semarc/subject/25971 830 4$aGli uomini e la civiltą. Serie 10., Maestri delle dottrine sociali.$0(OLS)http://semarc/title/400581 850 $aSeMil 852 $aSeMil$W1$xVenegono$y1$m2E I 510$j85853$B85853$CSeMilBibl$Z2$F89718 $81 961 $aRecupero: Seminario di Seveso 996 $6245$aE. Amari$9(OLS)http://semarc/title/193876 996 $6260$aBrescia :$bLa Scuola$9(OLS)http://semarc/publisher/29831 LEADER 02275nam a2200313 i 4500 001 000000342665 003 CaOOAMICUS 005 20231229141754.0 008 201023s2019 it u100 u ita u 013 $a83842 020 $a978-88-308-1697-8 040 $aSeMil$bita 110 2 $aAssociazione teologica italiana per lo studio della morale.$0(OLS)http://semarc/name/2260 245 10$aSessualitą, differenza sessuale, generazione :$ba cinquant'anni da Humanae vitae : atti del 27. Congresso nazionale dell'ATISM (Torino, 3-6- luglio 2018) /$cATISM, Associazione teologica italiana per lo studio della morale ; a cura di Salvatore Cipressa. 264 1$aAssisi :$bCittadella,$c2019. 300 $a194 p. ;$c22 cm 490 1 $aQuestioni di etica teologica 520 2 $aA distanza di 50 anni dalla promulgazione dell'enciclica Humanae vitae molte cose sono cambiate e mutamenti profondi hanno segnato tutti gli ambiti della vita, in particolare quello della sessualitą e della procreazione. Il volume, che raccoglie gli Atti del XXVII Congresso Nazionale dell'Associazione Teologica Italiana per lo Studio della Morale (ATISM), aiuta a riflettere in maniera approfondita sulla complessitą dell'umano e sul senso dell'enciclica, indagandone gli apporti antropologici e teologico-morali, i nodi problematici, le questioni aperte. 650 4$aPaolo VI - Encicliche . Humanae vitae.$0(OLS)http://semarc/subject/8415 650 4$aMorale cristiana - Chiesa cattolica.$0(OLS)http://semarc/subject/1419 650 4$aTeologia morale - Atti di congressi.$0(OLS)http://semarc/subject/18499 700 1 $aCipressa, Salvatore.$0(OLS)http://semarc/name/47622 830 0$aQuestioni di etica teologica .$0(OLS)http://semarc/title/2725 850 $aSeMil 852 $aSeMil$W1$xVenegono$y1$m2MA B 13$j245015$B233580$CSeMilBibl$Z2$F233580 $81 996 $6020$a978-88-308-1697-8$9(OLS)http://semarc/number/291496 996 $6245$aSessualitą, differenza sessuale, generazione :$ba cinquant'anni da Humanae vitae : atti del 27. Congresso nazionale dell'ATISM (Torino, 3-6- luglio 2018)$9(OLS)http://semarc/title/431521 996 $6264$aAssisi :$bCittadella$9(OLS)http://semarc/publisher/29661